[Event "GER-chT U14 Girls"]
[Site "Dittrichshuette"]
[Date "2004.12.29"]
[Round "4.3"]
[White "Popal, Zarminah"]
[Black "Nieberle, Julia"]
[Result "0-1"]
[WhiteElo "995"]
[BlackElo "1266"]
[PlyCount "148"]
[EventDate "2004.12.27"]
[EventType "team"]
[EventRounds "6"]
[EventCountry "GER"]
[SourceTitle "EXT 2006"]
[Source "ChessBase"]
[SourceDate "2005.11.24"]
[SourceVersion "1"]
[SourceVersionDate "2005.11.24"]
[SourceQuality "1"]

1. e4 d5 2. exd5 Qxd5 3. Nc3 Qa5 4. d3 c6 5. Bd2 Nf6 6. Nf3 Bf5 7. Be2 e6 8. a3 Nbd7 9. 0-0 Bd6 10. Ne4 Qc7 11. Nxd6+ Qxd6 12. Bc3 0-0-0 13. Re1 Rdg8 14. Bf1 Bg4 15. h3 Bh5 16. Be2 Bxf3 17. Bxf3 Re8 18. Qd2 Rhg8 19. Rad1 g6 20. Qe3 Kb8 21. Be5 Nxe5 22. Qxe5 Qxe5 23. Rxe5 Kc7 24. Rde1 Rd8 25. Kh2 Rd7 26. Be4 Nxe4 27. R1xe4 Rd5 28. Kg3 Rgd8 29. f4 Rxe5 30. Rxe5 Kd7 31. b4 b5 32. c4 a6 33. a4 Rb8 34. axb5 axb5 35. cxb5 Rxb5 36. Re4 Rd5 37. Re5 Rxd3+ 38. Kg4 Ke7 39. b5 cxb5 40. Rxb5 h5+ 41. Kh4 Rd4 42. Kg5 Rd5+ 43. Rxd5 exd5 44. Kh4 Kf6 45. Kg3 Kf5 46. Kf3 h4 47. Ke3 d4+ 48. Kf3 d3 49. Ke3 d2 50. Kxd2 Kxf4 51. Ke1 Kg3 52. Kf1 f5 53. Kg1 f4 54. Kh1 f3 55. gxf3 Kxh3 56. Kg1 Kg3 57. Kh1 Kxf3 58. Kh2 g5 59. Kh3 g4+ 60. Kxh4 g3 61. Kh3 Kf2 62. Kg4 g2 63. Kf5 g1Q 64. Ke4 Qg3 65. Kd4 Qf3 66. Ke5 Qg4 67. Kd5 Ke3 68. Kc5 Qd4+ 69. Kb5 Qc3 70. Kb6 Kd4 71. Kb7 Kd5 72. Ka8 Qb3 73. Ka7 Kc6 74. Ka8 Qb7# 0-1

[Event "GER-chT U14 Girls"]
[Site "Dittrichshuette"]
[Date "2004.12.28"]
[Round "3.3"]
[White "Kroner, Sarah"]
[Black "Popal, Zarminah"]
[Result "0-1"]
[WhiteElo "826"]
[BlackElo "995"]
[PlyCount "98"]
[EventDate "2004.12.27"]
[EventType "team"]
[EventRounds "6"]
[EventCountry "GER"]
[SourceTitle "EXT 2006"]
[Source "ChessBase"]
[SourceDate "2005.11.24"]
[SourceVersion "1"]
[SourceVersionDate "2005.11.24"]
[SourceQuality "1"]

1. e4 e5 2. Nf3 Nc6 3. Bc4 Bc5 4. c3 Nf6 5. d4 exd4 6. cxd4 Bb4+ 7. Bd2 Bxd2+ 8. Nbxd2 d6 9. 0-0 Bg4 10. h3 Bh5 11. Re1 Nxd4 12. Rc1 Nxf3+ 13. Nxf3 0-0 14. Qd3 Bg6 15. Nh4 Bxe4 16. Rxe4 Nxe4 17. Qxe4 Re8 18. Qg4 Qf6 19. Rf1 Qxb2 20. Qd7 Qf6 21. Nf5 Rac8 22. g4 h6 23. h4 a6 24. Kh1 b5 25. g5 hxg5 26. hxg5 Qg6 27. Bb3 Qh5+ 28. Kg2 Qxg5+ 29. Kh2 Qf6 30. Rg1 g6 31. Ne3 Qxf2+ 32. Ng2 Rcd8 33. Qc6 Qc5 34. Qf3 Qh5+ 35. Qxh5 gxh5 36. Nf4+ Kf8 37. Nxh5 d5 38. Rg7 Ke7 39. Rg5 c6 40. Re5+ Kd6 41. Rf5 Rh8 42. Bd1 Kc5 43. Rxf7 Rhf8 44. Rxf8 Rxf8 45. Ng7 Rf2+ 46. Kg1 Rxa2 47. Ne6+ Kb4 48. Nd4 Kc3 49. Nxc6 Ra1 0-1

[Event "GER-chT U14 Girls"]
[Site "Dittrichshuette"]
[Date "2004.12.27"]
[Round "1.3"]
[White "Langner, Gina"]
[Black "Popal, Zarminah"]
[Result "1-0"]
[WhiteElo "1259"]
[BlackElo "995"]
[PlyCount "99"]
[EventDate "2004.12.27"]
[EventType "team"]
[EventRounds "6"]
[EventCountry "GER"]
[SourceTitle "EXT 2006"]
[Source "ChessBase"]
[SourceDate "2005.11.24"]
[SourceVersion "1"]
[SourceVersionDate "2005.11.24"]
[SourceQuality "1"]

1. e4 e5 2. Nf3 Nc6 3. Bc4 Bc5 4. c3 Nf6 5. d3 0-0 6. 0-0 d6 7. Nbd2 Qe7 8. Re1 Be6 9. Bxe6 Qxe6 10. Nf1 Rad8 11. Ng3 d5 12. Qc2 d4 13. Bg5 Bb6 14. a3 h6 15. Bxf6 Qxf6 16. Nf5 Ne7 17. Nxe7+ Qxe7 18. b4 Qd6 19. Red1 c5 20. cxd4 exd4 21. bxc5 Bxc5 22. Qb3 Qb6 23. Qc4 Rc8 24. Qd5 Rfd8 25. Qf5 Qe6 26. Qxe6 fxe6 27. Ne5 Bd6 28. Nc4 Be7 29. Rab1 Rc7 30. f4 a6 31. a4 Bc5 32. Rf1 Rf7 33. Ne5 Rf6 34. Rxb7 a5 35. Nd7 Bb4 36. Nxf6+ gxf6 37. f5 e5 38. Rf3 Be1 39. Rh3 Bd2 40. Rg3+ Bg5 41. h4 Rc8 42. hxg5 fxg5 43. f6 Rc1+ 44. Kh2 Rf1 45. Rf3 Rxf3 46. gxf3 h5 47. Rg7+ Kf8 48. Rxg5 Kf7 49. Rxe5 Kxf6 50. Rxa5 1-0

[Event "GER-chT U14 Girls"]
[Site "Dittrichshuette"]
[Date "2004.12.27"]
[Round "2.3"]
[White "Popal, Zarminah"]
[Black "Weiss, Clara"]
[Result "1-0"]
[WhiteElo "995"]
[BlackElo "1091"]
[PlyCount "111"]
[EventDate "2004.12.27"]
[EventType "team"]
[EventRounds "6"]
[EventCountry "GER"]
[SourceTitle "EXT 2006"]
[Source "ChessBase"]
[SourceDate "2005.11.24"]
[SourceVersion "1"]
[SourceVersionDate "2005.11.24"]
[SourceQuality "1"]

1. e4 c5 2. Nf3 d6 3. d4 cxd4 4. Nxd4 Nf6 5. Nc3 g6 6. Be3 Bg7 7. Bc4 0-0 8. 0-0 Nc6 9. Nf3 Bg4 10. h3 Bxf3 11. Qxf3 Ne5 12. Qe2 Rc8 13. Bb3 a6 14. Rad1 Nc6 15. Qd2 Na5 16. Bd5 b5 17. Bh6 Nc4 18. Bxc4 Rxc4 19. Bxg7 Kxg7 20. Rfe1 Qa8 21. e5 dxe5 22. Rxe5 Ne4 23. Nxe4 Rxe4 24. Rxe4 Qxe4 25. Qd4+ Qxd4 26. Rxd4 e6 27. Rd6 Ra8 28. Kh2 a5 29. b3 b4 30. Rc6 a4 31. Rb6 axb3 32. axb3 Ra2 33. Rxb4 Rxc2 34. Kg3 f5 35. Rb7+ Kf6 36. b4 Rb2 37. b5 Ke5 38. b6 Kd6 39. Rxh7 Rxb6 40. f4 e5 41. Rh6 Kd5 42. fxe5 Kxe5 43. h4 Re6 44. Kf3 Rf6 45. g4 Re6 46. Kg3 Ke4 47. h5 f4+ 48. Kh4 g5+ 49. Kxg5 Rxh6 50. Kxh6 f3 51. g5 f2 52. g6 f1Q 53. Kh7 Qh1 54. h6 Kf5 55. g7 Qa8 56. g8Q 1-0